Southville International School and Colleges
Your cart is empty.
  • Cart
  • Lists
    Public lists Eva Luna New books Lux_list list_1
    Your lists Log in to create your own lists
  • Log in to your account
  • Your cookies
  • Search history
Southville International School and Colleges
  • Advanced search
  • Recent comments
  • Most popular
  • Libraries

Log in to your account

Log in with GOOGLE


If you do not have an external account, but do have a local account, you can still log in:

  1. Home
  2. MARC view: Teaching smart people how to learn. /
Normal view MARC view ISBD view

Teaching smart people how to learn. / (Record no. 23413)

[ view plain ]
MARC details
000 -LEADER
fixed length control field 00685nam a2200229 a 4500
005 - DATE AND TIME OF LATEST TRANSACTION
control field 20140310183451.0
008 - FIXED-LENGTH DATA ELEMENTS--GENERAL INFORMATION
fixed length control field 090119s19uu xx 00 eng d
020 ## - INTERNATIONAL STANDARD BOOK NUMBER
International Standard Book Number 97814221126004
050 ## - LIBRARY OF CONGRESS CALL NUMBER
Classification number HD 58.82
Item number .Ar739 2008
100 ## - MAIN ENTRY--PERSONAL NAME
Personal name Argyris, Chris
245 ## - TITLE STATEMENT
Title Teaching smart people how to learn. /
Statement of responsibility, etc Chris Argyris
260 ## - PUBLICATION, DISTRIBUTION, ETC. (IMPRINT)
Place of publication, distribution, etc Boston, MA :
Name of publisher, distributor, etc Harvard Business Press,
Date of publication, distribution, etc 2008.
300 ## - PHYSICAL DESCRIPTION
Extent 90 p. :
Dimensions 17 cm.
440 ## - SERIES STATEMENT/ADDED ENTRY--TITLE
Title Harvard Business Review Classics
521 ## - TARGET AUDIENCE NOTE
Target audience note
650 ## - SUBJECT ADDED ENTRY--TOPICAL TERM
Topical term or geographic name as entry element BSBA.
650 ## - SUBJECT ADDED ENTRY--TOPICAL TERM
Topical term or geographic name as entry element Organizational learning
General subdivision Psychological aspects.
650 ## - SUBJECT ADDED ENTRY--TOPICAL TERM
Topical term or geographic name as entry element Defensiveness (Psychology).
650 ## - SUBJECT ADDED ENTRY--TOPICAL TERM
Topical term or geographic name as entry element Self-evaluation.
942 ## - ADDED ENTRY ELEMENTS (KOHA)
Koha item type Books
Source of classification or shelving scheme Library of Congress Classification
Call number prefix Foreign

No items available.

Teaching smart people how to learn. /

APA

Argyris C., . (2008). Teaching smart people how to learn. Boston, MA: Harvard Business Press.

Chicago

Argyris Chris, . 2008. Teaching smart people how to learn. Boston, MA: Harvard Business Press.

Harvard

Argyris C., . (2008). Teaching smart people how to learn. Boston, MA: Harvard Business Press.

MLA

Argyris Chris, . Teaching smart people how to learn. Boston, MA: Harvard Business Press. 2008.

  • Print
  • Cite
  • Add to your cart (remove)
  • Save record
    BIBTEX Dublin Core MARCXML MARC (non-Unicode/MARC-8) MARC (Unicode/UTF-8) MARC (Unicode/UTF-8, Standard) MODS (XML) RIS
  • More searches
    Search for this title in:
    Other Libraries (WorldCat) Other Databases (Google Scholar) Online Stores (Bookfinder.com) Open Library (openlibrary.org)

Exporting to Dublin Core...

SOUTHVILLE LIBRARY

Southville International School and Colleges Library

1281 Tropical Ave. Cor. Luxembourg St., BF Homes International, Las Pinas City

Tel. No. 8256374 / 252358 Loc. 117/146

Powered by Koha